Kamatlábak az Europai Gazdasági Közösség országaiban.
Úrokové miery vkladov v jednotlivých krajinách EHS, ich porovnanie a vyhodnotenie. Daň z úrokov z vkladov. Reálny úrok z vkladov v jednotlivých západoeurópskych krajinách. Úrokové miery z úverov a ich charakteristika.
Salvato in:
| Autore principale: | |
|---|---|
| Natura: | Capitolo di libro |
| Lingua: | ungherese |
| Soggetti: | |
| Tags: |
Nessun Tag, puoi essere il primo ad aggiungerne!!
|
MARC
| LEADER | 00000naa a2200000 4500 | ||
|---|---|---|---|
| 001 | r005393 | ||
| 005 | 20221125114019.1 | ||
| 041 | 0 | |a hun | |
| 044 | |a HU | ||
| 245 | 1 | 0 | |a Kamatlábak az Europai Gazdasági Közösség országaiban. |c I. Fogaras |
| 520 | |a Úrokové miery vkladov v jednotlivých krajinách EHS, ich porovnanie a vyhodnotenie. Daň z úrokov z vkladov. Reálny úrok z vkladov v jednotlivých západoeurópskych krajinách. Úrokové miery z úverov a ich charakteristika. | ||
| 610 | 2 | 0 | |a miera úroková |
| 610 | 2 | 0 | |a Európske spoločenstvá |
| 610 | 2 | 0 | |a vklady |
| 610 | 2 | 0 | |a dane |
| 610 | 2 | 0 | |a úver |
| 100 | 1 | |a Fogaras, I. | |